Normal view MARC view

Entry Personal Name

Number of records used in: 1

001 - CONTROL NUMBER

  • control field: 29181

003 - CONTROL NUMBER IDENTIFIER

  • control field: dpl

005 - DATE AND TIME OF LATEST TRANSACTION

  • control field: 20110704153323.0

008 - FIXED-LENGTH DATA ELEMENTS

  • fixed length control field: 110704|||a|||||| | ||| d

040 ## - CATALOGING SOURCE

  • Original cataloging agency: dpl
  • Transcribing agency: dpl

100 ## - HEADING--PERSONAL NAME

  • Personal name: Nussbaum, Martha Craven,
  • Dates associated with a name: 1947-

670 ## - SOURCE DATA FOUND

  • Source citation: Work cat.: (dpl): The Quality of life /, 2007

670 ## - SOURCE DATA FOUND

  • Source citation: Work cat.: (dpl): The Quality of life /, 2007

© Delhi Public Library
Hit Counter
free hit counter